000 00790nam a22002537a 4500
005 20170123162319.0
010 _aA-466037
020 _c80.00
035 _aA-466037
037 _bCen Lib/Ret
040 _aDPL
_bUR
082 _a841
_bم ج ر
100 _aمجروح سلطانپوری
_9545
245 _aمشعل جال /
_cمجروح سلطانپوری
246 _aMaashala-e-jaal /
_bby Majruh Sultanpuri
260 _aدو بئی
_bسلیم جعفری
_c1991
270 _bدو بئی
_aپوسٹ باکس -٥٠٣٥
300 _a150p.
_c21cm(Hb)
650 _a ادب - اردو
_v
_9116191
650 _aاردو شاعری
_9462
650 _aLiterature -- Urdu
_9116192
650 _aUrdu poetry
_9116193
942 _2ddc
_cUR
_h841
_mم ج ر
999 _c106947
_d106947